[Event "ROM-ch U10 Girls"]
[Site "Calimanesti Caciulata"]
[Date "2019.04.22"]
[Round "9.4"]
[White "Matache, Alexia Elena"]
[Black "Gatej, Maria"]
[Result "1-0"]
[WhiteElo "1083"]
[BlackElo "1099"]
[PlyCount "103"]
[EventDate "2019.04.15"]
[EventType "swiss"]
[EventRounds "9"]
[EventCountry "ROU"]
[SourceTitle "EXT 2024"]
[Source "ChessBase"]
[SourceDate "2023.10.10"]
[SourceVersion "1"]
[SourceVersionDate "2023.10.10"]
[SourceQuality "1"]

1. e4 d5 2. exd5 Qxd5 3. Nc3 Qd6 4. d4 a6 5. Bc4 b5 6. Qf3 bxc4 7. Qxa8 Qb6 8. Be3 Nf6 9. 0-0-0 g6 10. d5 Qb7 11. Qxb7 Bxb7 12. Nf3 Nbd7 13. Rhe1 Bg7 14. Bf4 Nb6 15. d6 cxd6 16. Bxd6 e6 17. Ba3 Bf8 18. Bxf8 Rxf8 19. Re2 Ke7 20. Red2 Re8 21. Ng5 h6 22. Nf3 Rg8 23. Ne5 Bxg2 24. Rd6 Rb8 25. f3 Rb7 26. Rd8 Nfd5 27. Nc6+ Kf6 28. Ne4+ Kg7 29. Nd6 Rd7 30. Rxd7 Nxd7 31. Nxc4 Bxf3 32. Rd2 Nc5 33. b4 Nd7 34. N4e5 Nxe5 35. Nxe5 Bh5 36. Nd3 g5 37. c4 Nc3 38. c5 Nb5 39. c6 f6 40. Nc5 Nc7 41. Rd7+ Kg6 42. Rxc7 f5 43. Rd7 f4 44. c7 f3 45. c8Q Kf5 46. Qf8+ Kg4 47. Rd4+ Kh3 48. Qxh6 f2 49. Qxh5+ Kg2 50. Qxg5+ Kf1 51. Qg4 e5 52. Rd1# 1-0

[Event "ROM-ch U10 Girls"]
[Site "Calimanesti Caciulata"]
[Date "2019.04.19"]
[Round "6.9"]
[White "Cretu, Sofia"]
[Black "Matache, Alexia Elena"]
[Result "0-1"]
[WhiteElo "1070"]
[BlackElo "1083"]
[PlyCount "96"]
[EventDate "2019.04.15"]
[EventType "swiss"]
[EventRounds "9"]
[EventCountry "ROU"]
[SourceTitle "EXT 2024"]
[Source "ChessBase"]
[SourceDate "2023.10.10"]
[SourceVersion "1"]
[SourceVersionDate "2023.10.10"]
[SourceQuality "1"]

1. e4 c5 2. Nc3 e6 3. g3 d5 4. d3 d4 5. Nce2 Nc6 6. Bg2 Bd6 7. f4 f5 8. e5 Bc7 9. Nf3 Nge7 10. 0-0 0-0 11. Kh1 Kh8 12. c3 a6 13. a4 Rb8 14. c4 b5 15. axb5 axb5 16. Qb3 bxc4 17. Qxc4 Na5 18. Qc2 c4 19. Nexd4 cxd3 20. Qxd3 Nb3 21. Rb1 Nc6 22. Be3 Nbxd4 23. Nxd4 Nb4 24. Qe2 Ba6 25. Qf2 Bxf1 26. Nxe6 Bxg2+ 27. Qxg2 Qe8 28. Nxf8 Qxf8 29. Qf2 Qd8 30. Ba7 Bb6 31. Bxb6 Rxb6 32. Kg2 Nd3 33. Qd2 h6 34. b4 Qa8+ 35. Kh3 Nc5 36. Qc2 Ne4 37. Qg2 g5 38. g4 fxg4+ 39. Kxg4 Nf6+ 40. Kg3 Nh5+ 41. Kf2 Qa2+ 42. Kg1 Qxb1+ 43. Kf2 Rxb4 44. Qa8+ Kh7 45. Qa7+ Ng7 46. fxg5 Qc2+ 47. Kf3 Rb3+ 48. Kf4 Qf5# 0-1

[Event "ROM-ch U10 Girls"]
[Site "Calimanesti Caciulata"]
[Date "2019.04.17"]
[Round "3.7"]
[White "State Ungureanu, Elena Anastasia"]
[Black "Matache, Alexia Elena"]
[Result "0-1"]
[WhiteElo "1077"]
[BlackElo "1083"]
[PlyCount "56"]
[EventDate "2019.04.15"]
[EventType "swiss"]
[EventRounds "9"]
[EventCountry "ROU"]
[SourceTitle "EXT 2024"]
[Source "ChessBase"]
[SourceDate "2023.10.10"]
[SourceVersion "1"]
[SourceVersionDate "2023.10.10"]
[SourceQuality "1"]

1. e4 c5 2. c3 d6 3. Nf3 Nf6 4. Be2 e5 5. d3 a6 6. Bg5 Be7 7. 0-0 0-0 8. Re1 Nbd7 9. Nfd2 Ne8 10. Be3 Kh8 11. d4 f5 12. dxe5 f4 13. Nf3 fxe3 14. exd6 Nxd6 15. e5 Nxe5 16. fxe3 Nxf3+ 17. Bxf3 Nc4 18. Qe2 Ne5 19. Be4 Bg4 20. Qc2 h6 21. Bxb7 Ra7 22. Be4 Rd7 23. Qa4 Rd1 24. Na3 Rxe1+ 25. Rxe1 Qd2 26. Nc2 Qf2+ 27. Kh1 Qf1+ 28. Rxf1 Rxf1# 0-1

[Event "ROM-ch U10 Girls"]
[Site "Calimanesti Caciulata"]
[Date "2019.04.16"]
[Round "2.1"]
[White "Matache, Alexia Elena"]
[Black "Stefan, Iulia Cristiana"]
[Result "0-1"]
[WhiteElo "1083"]
[BlackElo "1359"]
[PlyCount "60"]
[EventDate "2019.04.15"]
[EventType "swiss"]
[EventRounds "9"]
[EventCountry "ROU"]
[SourceTitle "EXT 2024"]
[Source "ChessBase"]
[SourceDate "2023.10.10"]
[SourceVersion "1"]
[SourceVersionDate "2023.10.10"]
[SourceQuality "1"]

1. e4 d6 2. d4 Nf6 3. Nc3 g6 4. f4 Bg7 5. Nf3 0-0 6. Bd3 Nc6 7. 0-0 e5 8. fxe5 dxe5 9. d5 Ne7 10. Nxe5 c6 11. dxc6 Qd4+ 12. Kh1 Qxe5 13. cxb7 Bxb7 14. Bf4 Qc5 15. Qe2 Nc6 16. Nb5 Rad8 17. Bc7 Rd7 18. Bf4 a6 19. Nc3 Nb4 20. Rad1 Rfd8 21. Bg5 Qxg5 22. e5 Re8 23. Qf2 Rxe5 24. Rg1 Nxd3 25. cxd3 Rf5 26. Qa7 Bxg2+ 27. Rxg2 Rxa7 28. Rxg5 Rxg5 29. d4 Ng4 30. d5 Nf2# 0-1

[Event "ROM-ch U10 Girls"]
[Site "Calimanesti"]
[Date "2018.04.03"]
[Round "9"]
[White "Matache, Alexia Elena"]
[Black "Gheorghe, Raisa Maria"]
[Result "0-1"]
[WhiteElo "1078"]
[BlackElo "1001"]
[PlyCount "66"]
[EventDate "2018.03.27"]
[EventType "swiss"]
[EventRounds "9"]
[EventCountry "ROU"]
[SourceTitle "CBM 183 Extra"]
[Source "ChessBase"]
[SourceDate "2018.04.19"]
[SourceVersion "1"]
[SourceVersionDate "2018.04.19"]
[SourceQuality "1"]

1. e4 e5 2. Nf3 Nc6 3. Bc4 Bc5 4. d3 Nf6 5. c3 0-0 6. Bb3 h6 7. h3 d5 8. Qe2 dxe4 9. dxe4 Be6 10. Bc2 Qd7 11. Nbd2 Rae8 12. Nf1 Ne7 13. g4 Nh7 14. Ng3 Ng6 15. Nf5 Bxf5 16. gxf5 Nf4 17. Bxf4 exf4 18. Rd1 Qe7 19. b4 Bb6 20. a4 a5 21. b5 Nf6 22. Rg1 Nxe4 23. Rd3 Nxc3 24. Qxe7 Rxe7+ 25. Kf1 Ne4 26. Rg2 Nc5 27. Rd2 Ne4 28. Re2 Rfe8 29. Bxe4 Rxe4 30. Rd2 Rxa4 31. f6 Ra1+ 32. Rd1 Rxd1+ 33. Ne1 Rdxe1# 0-1

[Event "ROM-ch U10 Girls"]
[Site "Calimanesti"]
[Date "2018.03.31"]
[Round "6"]
[White "Dumitrache, Ema Alexandra"]
[Black "Matache, Alexia Elena"]
[Result "0-1"]
[WhiteElo "1001"]
[BlackElo "1078"]
[PlyCount "52"]
[EventDate "2018.03.27"]
[EventType "swiss"]
[EventRounds "9"]
[EventCountry "ROU"]
[SourceTitle "CBM 183 Extra"]
[Source "ChessBase"]
[SourceDate "2018.04.19"]
[SourceVersion "1"]
[SourceVersionDate "2018.04.19"]
[SourceQuality "1"]

1. d4 Nf6 2. Nf3 g6 3. Bf4 Bg7 4. e3 d6 5. c3 0-0 6. Bd3 Ng4 7. Qe2 e5 8. Bg3 Re8 9. h3 e4 10. hxg4 exd3 11. Qxd3 Bxg4 12. Qe2 d5 13. Nbd2 Nc6 14. Rh4 Bh5 15. Nb3 Bf6 16. Rf4 Bg5 17. Nxg5 Bxe2 18. Kxe2 Qxg5 19. Nc5 Qh5+ 20. f3 Re7 21. Nxb7 Rb8 22. Nc5 Rxb2+ 23. Kd3 Qg5 24. c4 Qxg3 25. Rf6 Qxg2 26. Rxc6 Qd2# 0-1

[Event "ROM-ch U10 Girls"]
[Site "Calimanesti"]
[Date "2018.03.30"]
[Round "5"]
[White "Matache, Alexia Elena"]
[Black "Vidan, Elena"]
[Result "0-1"]
[WhiteElo "1078"]
[BlackElo "1006"]
[PlyCount "72"]
[EventDate "2018.03.27"]
[EventType "swiss"]
[EventRounds "9"]
[EventCountry "ROU"]
[SourceTitle "CBM 183 Extra"]
[Source "ChessBase"]
[SourceDate "2018.04.19"]
[SourceVersion "1"]
[SourceVersionDate "2018.04.19"]
[SourceQuality "1"]

1. e4 e5 2. Nf3 Nc6 3. Bc4 Be7 4. d3 Nf6 5. c3 0-0 6. Bb3 d6 7. h3 Bd7 8. Nbd2 b5 9. Nf1 a5 10. g4 a4 11. Bc2 Rb8 12. Ng3 d5 13. Nf5 Bxf5 14. exf5 e4 15. g5 Nh5 16. Nh4 Bxg5 17. Qxh5 Bxh4 18. Rg1 g6 19. fxg6 fxg6 20. Bh6 Bxf2+ 21. Ke2 Bxg1 22. Qg4 Rf2+ 23. Ke1 Rxc2 24. Qxg1 exd3 25. Bg5 Qe8+ 26. Qe3 Re2+ 27. Kf1 Rxe3 28. Bxe3 Qxe3 29. Re1 Qxh3+ 30. Kg1 Kg7 31. b4 d2 32. Rd1 Qxc3 33. a3 Re8 34. Rf1 Re1 35. Rxe1 dxe1Q+ 36. Kg2 Qcg3# 0-1

[Event "ROM-ch U08 Girls"]
[Site "Baile Felix"]
[Date "2017.02.07"]
[Round "7"]
[White "Matache, Alexia Elena"]
[Black "Haplea, Maria Ileana"]
[Result "1-0"]
[WhiteElo "1043"]
[BlackElo "1001"]
[PlyCount "45"]
[EventDate "2017.02.02"]
[EventType "swiss"]
[EventRounds "9"]
[EventCountry "ROU"]
[SourceTitle "CBM 176 Extra"]
[Source "ChessBase"]
[SourceDate "2017.03.02"]
[SourceVersion "1"]
[SourceVersionDate "2017.03.02"]
[SourceQuality "1"]

1. e4 e5 2. Nf3 Nf6 3. Nc3 d6 4. Bc4 Nc6 5. 0-0 Bg4 6. h3 Bh5 7. Qe2 Be7 8. Qe3 0-0 9. Qg5 Bxf3 10. gxf3 Nxe4 11. Qe3 Nxc3 12. dxc3 Qd7 13. Kh2 d5 14. Bd3 Qd6 15. Rg1 e4+ 16. f4 exd3 17. Qg3 g6 18. cxd3 Qf6 19. Be3 Qh4 20. Qf3 Rad8 21. Rg4 Qf6 22. Bd4 Qd6 23. Be3 1-0